Publikační systém územních statistických orgánů ČSÚ
Publikácie vydávané okresnou štatistickou správou (OSS) a krajskou štatistickou správou (KSS) a MSS Praha. 1. Obligatórne publikácie vydávané v ročnej alebo viacročnej periodicite. 2. Fakultatívne publikácie vydávané podľa predpokladaného spotrebiteľského dopytu a možnosti ČSÚ. 3. Fakultatívne publi...
Salvato in:
| Natura: | Capitolo di libro |
|---|---|
| Lingua: | ceco |
| Soggetti: | |
| Tags: |
Nessun Tag, puoi essere il primo ad aggiungerne!!
|
MARC
| LEADER | 00000naa a2200000 4500 | ||
|---|---|---|---|
| 001 | r018140 | ||
| 005 | 20221205102807.8 | ||
| 041 | 0 | |a cze | |
| 044 | |a CZ | ||
| 245 | 1 | 0 | |a Publikační systém územních statistických orgánů ČSÚ |
| 520 | |a Publikácie vydávané okresnou štatistickou správou (OSS) a krajskou štatistickou správou (KSS) a MSS Praha. 1. Obligatórne publikácie vydávané v ročnej alebo viacročnej periodicite. 2. Fakultatívne publikácie vydávané podľa predpokladaného spotrebiteľského dopytu a možnosti ČSÚ. 3. Fakultatívne publikácie vydávané na objednávku užívateľa alebo s využitím sponzora. Publikácie celoštátnej povahy, na ktorých sa podieľajú územné orgány. | ||
| 610 | 2 | 0 | |a štatistika |
| 610 | 2 | 0 | |a výskum štatistický |
| 610 | 2 | 0 | |a informácie |